Using countercyclical REITs in the classroom (Record no. 76499)

MARC details
000 -LEADER
fixed length control field 01215cab a2200193 4500
001 - CONTROL NUMBER
control field ##L132572
008 - FIXED-LENGTH DATA ELEMENTS--GENERAL INFORMATION
fixed length control field 060220n2006 000 0 eng u
035 ## - SYSTEM CONTROL NUMBER
System control number (Sirsi) u132572
041 0# - LANGUAGE CODE
Language code of text/sound track or separate title eng
100 1# - MAIN ENTRY--PERSONAL NAME
Personal name Pavlov, Andrey
245 00 - TITLE STATEMENT
Title Using countercyclical REITs in the classroom
Remainder of title solving problems with the calculation of the cost of capital
260 ## - PUBLICATION, DISTRIBUTION, ETC.
Date of publication, distribution, etc. 2006
490 #0 - SERIES STATEMENT
Series statement Real Estate Review
Volume/sequential designation 34(3) 2006, 21-27(7)
520 ## - SUMMARY, ETC.
Summary, etc. Within real estate programs, REITs is the logical choice for classroom discussions. However, students have been reported to find difficulties with understanding and calculating the cost of capital for countercyclical securities. By examining the nature of corporate financial analysis, this article aims to unravel the seeming contradictions arising in the process of applying the capital asset pricing model equation to the calculation cost of capital for countercyclical REITs. The explanation is based on existing theory within a concise structure that is aimed at providing students with a better learning experience.
590 ## - LOCAL NOTE (RLIN)
Local note IKA2080206
690 ## - LOCAL SUBJECT ADDED ENTRY--TOPICAL TERM (OCLC, RLIN)
Topical term or geographic name as entry element PROPERTY-PROPERTY FINANCE AND INVESTMENT-REAL ESTATE INVESTMENT TRUSTS
700 1# - ADDED ENTRY--PERSONAL NAME
Personal name Geurts, Tom G.
942 ## - ADDED ENTRY ELEMENTS (KOHA)
Suppress in OPAC 0
Holdings
Withdrawn status Lost status Source of classification or shelving scheme Damaged status Not for loan Home library Current library Shelving location Date acquired Total Checkouts Full call number Barcode Date last seen Copy number Price effective from Koha item type
    Dewey Decimal Classification     London London Journal article 20/02/2006   L132572 132572-2001 06/08/2019 1 06/08/2019 Journal article